| 000 | 00680nam a22002177a 4500 | ||
|---|---|---|---|
| 999 |
_c5773 _d5773 |
||
| 003 | AR-CdUCM | ||
| 008 | 190313b ||||| |||| 00| 0 spa d | ||
| 040 |
_aMUNICIPALIDAD PROVINCIAL DEL CUSCO _cBIBLIOTECA MUNICIPAL DEL CUSCO |
||
| 082 |
_a869.56 / _bC29 |
||
| 100 |
_aCarmona, Julio _917159 |
||
| 245 | _aMar Revuelta / | ||
| 260 |
_aLima : _bAgrupacion cultural q´awari, _bUniversidad nacional Mayo de San Marcos, _c1968. |
||
| 300 |
_a30 paginas ; _bilustraciones, graficos, dibujos, _c22cm. |
||
| 500 | _aPoesias | ||
| 650 |
_aPoesias _92556 |
||
| 650 |
_aLiteratura _983 |
||
| 650 |
_aPeru _9429 |
||
| 700 |
_aCumpa, Victor _94761 |
||
| 942 |
_2ddc _cLIBROS |
||
| 945 | _apjha | ||